Movies Quiz

Random Movies or Oscar Quiz

Kate Winslet Oscar Nominations Quiz Stats

Quiz Updated Jan 14, 2016

Challenge
Share
Tweet
Embed
Score 0/7 Timer 02:00
2 Plays Today
Film % Correct
Titanic
98.2%
The Reader
76.3%
Eternal Sunshine of the Spotless Mind
56%
Sense and Sensibility
44.3%
Steve Jobs
39.1%
Little Children
27.3%
Iris
25.9%

You're not logged in!

Compare scores with friends on all Sporcle quizzes.
Sign Up with Email
OR
Log In

You Might Also Like...

Show Comments

Extras

Top Quizzes Today


Score Distribution

Your Account Isn't Verified!

In order to create a playlist on Sporcle, you need to verify the email address you used during registration. Go to your Sporcle Settings to finish the process.